| 000 | 01406nam a22001937a 4500 | ||
|---|---|---|---|
| 999 |
_c59519 _d59519 |
||
| 003 | Ge_BSU | ||
| 005 | 20230307144944.0 | ||
| 008 | 230307s2004 ge ||||| |||| 00| 0 geo d | ||
| 041 | _ageo | ||
| 080 | _a343.255.5+ 341.231.14 რ-72 | ||
| 245 |
_aროგორ ავიცილოთ თავიდან წამება : _bრეკომენდაციები და სამართლებრივი ნორმები წამების მსხვერპლთათვის / _cწამების მსხვერპლთა ფსიქოსოციალური და სამედიცინო რეაბილიტაციის საქართველოს ცენტრი ; რედაქტორი ნინო მახაშვილი. |
||
| 264 |
_aთბილისი, _c2004. |
||
| 300 |
_a96 გვ. ; _b20 სმ. |
||
| 653 | _aადამიანის ძირითადი უფლებების დაცვა | ||
| 653 | _aწამება | ||
| 700 |
_aმახაშვილი, ნინო _eრედაქტორი _917131 |
||
| 710 |
_aწამების მსხვერპლთა ფსიქოსოციალური და სამედიცინო რეაბილიტაციის საქართველოს ცენტრი. _917132 |
||
| 942 |
_2udc _cBK |
||